000 00485nam a2200205Ia 4500
999 _c7778
_d7778
003 0100
005 20170510102512.0
008 130303s9999 xx 000 0 und d
020 _a1850651205
040 _cARRUPELIB
050 _aDT433.275.M881992
100 _aMutibwa, Phares Mukasa
_926253
245 _aUganda since independence
245 _ba story of unfulfilled hopes
260 _bFountain Publishers
_aKampala
_c1992
300 _a209 p.
300 _b 23 cm.
650 _aUganda
_xPolitics
_930674
942 0 0 _02
_2lcc
_cMONOGRAPH